BIBLIOTECA PODER JUDICIAL
Portal Judicial TDF

Prescripción adquisitiva y barrios populares : (Registro nro. 5309)

000 -LEADER
fixed length control field 01405nab a22002417a 4500
003 - CONTROL NUMBER IDENTIFIER
control field OSt
005 - DATE AND TIME OF LATEST TRANSACTION
control field 20250217213516.0
008 - FIXED-LENGTH DATA ELEMENTS--GENERAL INFORMATION
fixed length control field 190603e xxum|||| |||| 00| 0 spa d
040 ## - CATALOGING SOURCE
Transcribing agency PJ-TDF
100 ## - MAIN ENTRY--PERSONAL NAME
9 (RLIN) 6361
Personal name Pasquale, María Florencia
245 10 - TITLE STATEMENT
Title Prescripción adquisitiva y barrios populares :
Remainder of title aproximación a procesos colectivos /
Statement of responsibility, etc María Florencia Pasquale.
260 ## - PUBLICATION, DISTRIBUTION, ETC. (IMPRINT)
Date of publication, distribution, etc Ciudad Autónoma de Buenos Aires :
Place of publication, distribution, etc Thomson Reuters La Ley,
Name of publisher, distributor, etc 2023.
300 ## - PHYSICAL DESCRIPTION
Extent p. 261-272
500 ## - GENERAL NOTE
General note Cita: TR LALEY AR/DOC/1483/2023.
505 ## - FORMATTED CONTENTS NOTE
Formatted contents note Sumario: I. La ley nacional 27.453. Caracteres del régimen legal en materia de regularización dominial.— II. Procesos colectivos. Terminología y surgimiento.— III. La causa que justifica la acción colectiva en un supuesto de su usucapión de barrios populares.— IV. Conclusión.— V. Bibliografía complementaria.— VI. Jurisprudencia.
505 ## - FORMATTED CONTENTS NOTE
Formatted contents note Fallo Comentado: CNCiv., sala M ~ 15/05/2023 ~ L., N. L. S. c. Max Point SA y otros s/ daños y perjuicios.
505 ## - FORMATTED CONTENTS NOTE
Title ¿Te interesa el texto completo? Solicitalo al correo: koha@justierradelfuego.gov.ar
650 #0 - SUBJECT ADDED ENTRY--TOPICAL TERM
9 (RLIN) 6327
Topical term or geographic name as entry element DERECHO DE PROPIEDAD
650 #0 - SUBJECT ADDED ENTRY--TOPICAL TERM
9 (RLIN) 2324
Topical term or geographic name as entry element PRESCRIPCIÓN ADQUISITIVA
650 #0 - SUBJECT ADDED ENTRY--TOPICAL TERM
9 (RLIN) 2289
Topical term or geographic name as entry element POSESIÓN
773 0# - HOST ITEM ENTRY
Host Biblionumber 2713
Host Itemnumber 3170
Place, publisher, and date of publication Ciudad Autónoma de Buenos Aires : Thomson Reuters La Ley, 2015-
Title Revista Código Civil y Comercial. Nº 5 - Octubre 2023
942 ## - ADDED ENTRY ELEMENTS (KOHA)
Source of classification or shelving scheme
Koha item type Analítica Artículo de Revista

No hay ítems disponibles.

12 de Octubre 789 Ushuaia - Tel:  54(02901)441571
Horario de Atención: 8.00 a 17.00 hs. 
bibliotecaush@justierradelfuego.gov.ar
koha@justierradelfuego.gov.ar
Seguinos en nuestras redes @bibliojustdf 

Con tecnología Koha